Loading...
| Current Events | 5 | 14.00 | 100% | 40% | 0% |
| Fine Arts - Classical Music | 8 | 13.75 | 50% | 25% | 63% |
| Fine Arts - Other | 9 | 15.56 | 33% | 67% | 56% |
| Fine Arts - Painting & Sculpture | 5 | 12.00 | 80% | 0% | 40% |
| Geography | 4 | 12.50 | 50% | 50% | 25% |
| History - American | 8 | 15.00 | 63% | 63% | 25% |
| History - European | 5 | 12.00 | 0% | 40% | 80% |
| History - Other | 9 | 11.11 | 22% | 44% | 44% |
| History - World | 7 | 14.29 | 57% | 43% | 43% |
| Literature - American | 5 | 16.00 | 60% | 40% | 60% |
| Literature - British | 10 | 18.00 | 70% | 70% | 40% |
| Literature - European | 6 | 18.33 | 67% | 50% | 67% |
| Literature - World | 7 | 17.14 | 29% | 71% | 71% |
| Mythology | 6 | 16.67 | 50% | 33% | 83% |
| Other Academic | 5 | 14.00 | 40% | 60% | 40% |
| Philosophy | 8 | 13.75 | 75% | 50% | 13% |
| Religion | 6 | 13.33 | 50% | 50% | 33% |
| Science - Biology | 3 | 6.67 | 33% | 0% | 33% |
| Science - Chemistry | 6 | 16.67 | 67% | 50% | 50% |
| Science - Other | 12 | 15.00 | 50% | 67% | 33% |
| Science - Physics | 6 | 16.67 | 67% | 33% | 67% |
| Social Science | 8 | 10.00 | 38% | 38% | 25% |